| 000 | 00936nam a2200265 a 4500 | ||
|---|---|---|---|
| 005 | 20191224041610.0 | ||
| 008 | 140310b1997 ck ||||| |||| 00| 0 spa d | ||
| 041 | _aspa | ||
| 044 | _ack | ||
| 090 |
_aLB _b03032 |
||
| 100 |
_aMejía Martínez, Rubén Darío _919277 |
||
| 245 | _aEmpleo de PCR-RFLP's para determinar la variabilidad genética del DNA de cloroplastos y de ITS de algunas poblaciones de la palma Attalea butyracea en los departamentos de Antioquia, Cesar y | ||
| 260 |
_aCali _bInstituto Alexander von Humboldt _c1997 |
||
| 300 | _a26 p. | ||
| 650 |
_aVariabilidad genética _919278 |
||
| 650 |
_aBiología molecular _93851 |
||
| 650 |
_aEcología de poblaciones _93557 |
||
| 650 |
_aPalmas _919279 |
||
| 650 |
_aMétodos de laboratorio _93515 |
||
| 662 |
_aColombia _bAntioquia |
||
| 662 |
_aColombia _bCesar |
||
| 662 |
_aColombia _bSucre |
||
| 700 |
_aMontoya Durango, Diego Elias _919280 |
||
| 942 |
_cImpreso _2z |
||
| 999 |
_c1676 _d1676 |
||